[Event "Catalunya-chT Gp1"]
[Site "Barcelona"]
[Date "2020.02.08"]
[Round "4.9"]
[White "Fernandez Aguilar, Francisco"]
[Black "Hovakimyan, Narek"]
[Result "1-0"]
[WhiteElo "2115"]
[BlackElo "2064"]
[PlyCount "71"]
[EventDate "2020.01.18"]
[EventType "team-tourn"]
[EventRounds "7"]
[EventCountry "ESP"]
[SourceTitle "CBM 194 Extra"]
[Source "ChessBase"]
[SourceDate "2020.03.31"]
[SourceVersion "1"]
[SourceVersionDate "2020.03.31"]
[SourceQuality "1"]
[WhiteTeam "Colon Sabadell"]
[BlackTeam "Badalona Cor de Marina"]
[WhiteTeamCountry "ESP"]
[BlackTeamCountry "ESP"]

1. Nf3 c6 2. g3 d5 3. Bg2 Nf6 4. 0-0 e6 5. d4 Be7 6. Nbd2 Nbd7 7. c4 0-0 8. Qc2 Re8 9. e4 dxe4 10. Nxe4 Nxe4 11. Qxe4 Nf6 12. Qc2 h6 13. Rd1 Qc7 14. Bf4 Bd6 15. Bxd6 Qxd6 16. c5 Qc7 17. Ne5 Bd7 18. a3 Red8 19. Nc4 Be8 20. Nd6 Nd5 21. Bxd5 cxd5 22. Qe2 a6 23. f4 b6 24. b4 Rdb8 25. f5 bxc5 26. dxc5 Qe7 27. fxe6 Qxe6 28. Qf3 Bc6 29. Re1 Qd7 30. Ra2 d4 31. Qf4 Ra7 32. Rf2 Ba8 33. Nxf7 Re8 34. Rxe8+ Qxe8 35. Qe5 Qc6 36. Qb8+ 1-0

[Event "Catalunya-chT Gp1"]
[Site "Barcelona"]
[Date "2020.01.25"]
[Round "2.9"]
[White "Chalmeta Ugas, Jordi Ramon"]
[Black "Hovakimyan, Narek"]
[Result "1-0"]
[WhiteElo "2173"]
[BlackElo "2064"]
[PlyCount "83"]
[EventDate "2020.01.18"]
[EventType "team-tourn"]
[EventRounds "7"]
[EventCountry "ESP"]
[SourceTitle "CBM 194 Extra"]
[Source "ChessBase"]
[SourceDate "2020.03.31"]
[SourceVersion "1"]
[SourceVersionDate "2020.03.31"]
[SourceQuality "1"]
[WhiteTeam "Foment Martinenc"]
[BlackTeam "Badalona Cor de Marina"]
[WhiteTeamCountry "ESP"]
[BlackTeamCountry "ESP"]

1. d4 e6 2. c4 d5 3. Nc3 Nf6 4. Bg5 Be7 5. e3 0-0 6. Nf3 Nbd7 7. a3 c6 8. Qc2 Re8 9. Rd1 Qa5 10. Bd3 h6 11. Bh4 dxc4 12. Bxc4 Nd5 13. Bxe7 Rxe7 14. 0-0 Nxc3 15. Qxc3 Qxc3 16. bxc3 b5 17. Be2 Bb7 18. Nd2 Rb8 19. Nb3 a6 20. Nc5 Nxc5 21. dxc5 Kf8 22. Rd6 Rc7 23. Rfd1 Ke7 24. f4 g6 25. Bf3 Re8 26. R1d4 Rg8 27. Kf2 g5 28. g4 Rgc8 29. Kg3 Re8 30. Rd2 Rg8 31. h4 f6 32. hxg5 hxg5 33. Rh2 Rg7 34. fxg5 fxg5 35. Rh6 Bc8 36. Rxc6 Rxc6 37. Bxc6 Bd7 38. Bb7 Kd8 39. c6 Be8 40. Rxe6 a5 41. Re5 Kc7 42. Rxe8 1-0

[Event "Sant Adria de Besos op 2nd B"]
[Site "Sant Adria de Besos"]
[Date "2018.08.15"]
[Round "7.5"]
[White "Hovakimyan, Narek"]
[Black "Donas Perez, Emilio"]
[Result "1-0"]
[WhiteElo "1851"]
[BlackElo "1747"]
[PlyCount "77"]
[EventDate "2018.08.10"]
[EventType "swiss"]
[EventRounds "9"]
[EventCountry "ESP"]
[SourceTitle "EXT 2024"]
[Source "ChessBase"]
[SourceDate "2023.10.10"]
[SourceVersion "1"]
[SourceVersionDate "2023.10.10"]
[SourceQuality "1"]

1. e4 Nf6 2. Nc3 d6 3. d4 g6 4. f3 Bg7 5. Be3 Nc6 6. Qd2 e5 7. d5 Nd4 8. Bxd4 exd4 9. Qxd4 0-0 10. Qd2 c5 11. Nge2 a6 12. Ng3 b5 13. Be2 Nd7 14. 0-0 Ne5 15. f4 Nd7 16. Nd1 Re8 17. c3 Nf6 18. Bd3 Ng4 19. Nf2 Nf6 20. a3 Bd7 21. Rfe1 h5 22. Nf1 c4 23. Bc2 Qc7 24. Ng3 Bg4 25. Ne2 Bxe2 26. Rxe2 Re7 27. Rae1 Rae8 28. e5 Nd7 29. e6 Nf6 30. f5 gxf5 31. Bxf5 Qc5 32. exf7+ Kxf7 33. Be6+ Kf8 34. Kf1 Rxe6 35. Rxe6 Rxe6 36. dxe6 Ke7 37. h3 Qf5 38. Qe3 Nd5 39. Qa7+ 1-0

[Event "Sant Adria de Besos op 2nd B"]
[Site "Sant Adria de Besos"]
[Date "2018.08.12"]
[Round "3.9"]
[White "Jimenez Molina, Victor"]
[Black "Hovakimyan, Narek"]
[Result "0-1"]
[WhiteElo "1654"]
[BlackElo "1851"]
[PlyCount "74"]
[EventDate "2018.08.10"]
[EventType "swiss"]
[EventRounds "9"]
[EventCountry "ESP"]
[SourceTitle "EXT 2024"]
[Source "ChessBase"]
[SourceDate "2023.10.10"]
[SourceVersion "1"]
[SourceVersionDate "2023.10.10"]
[SourceQuality "1"]

1. e4 c6 2. c4 d5 3. exd5 cxd5 4. d4 Nf6 5. Nc3 e6 6. Nf3 Be7 7. Bf4 a6 8. Be2 0-0 9. 0-0 dxc4 10. Bxc4 b5 11. Bd3 Bb7 12. Re1 Nc6 13. Rc1 Rc8 14. Be5 Nb4 15. Bb1 Nfd5 16. a3 Nxc3 17. Rxc3 Nd5 18. Qd3 g6 19. Rxc8 Qxc8 20. Qd2 f6 21. Rc1 Qd7 22. Bg3 Rc8 23. Rxc8+ Qxc8 24. h3 Nb6 25. Nh4 Qc6 26. f3 Nc4 27. Qe1 Qd7 28. f4 Qxd4+ 29. Bf2 Qd5 30. Qe2 Nd2 31. Bd3 Ne4 32. Be1 Bc5+ 33. Kh2 Bd6 34. Nf3 Bc6 35. Qxe4 Qxe4 36. Bxe4 Bxe4 37. Nd2 Bxf4+ 0-1

[Event "Badalona op 44th"]
[Site "Badalona"]
[Date "2018.08.07"]
[Round "7"]
[White "Hovakimyan, Narek"]
[Black "Mut Company, Guillem Joan"]
[Result "0-1"]
[WhiteElo "1851"]
[BlackElo "1898"]
[PlyCount "104"]
[EventDate "2018.08.01"]
[EventType "swiss"]
[EventRounds "9"]
[EventCountry "ESP"]
[SourceTitle "EXT 2019"]
[Source "ChessBase"]
[SourceDate "2018.10.10"]
[SourceVersion "1"]
[SourceVersionDate "2018.10.10"]
[SourceQuality "1"]

1. e4 c6 2. d4 d5 3. e5 c5 4. c3 Nc6 5. Nf3 cxd4 6. cxd4 Bg4 7. Nc3 e6 8. h3 Bxf3 9. gxf3 Qb6 10. Bb5 Nge7 11. Be3 Nf5 12. 0-0 Be7 13. Rc1 Rc8 14. Bxc6+ Rxc6 15. Na4 Rxc1 16. Qxc1 Qc6 17. Qxc6+ bxc6 18. Rc1 Kd7 19. Nc5+ Bxc5 20. Rxc5 Kc7 21. b4 a6 22. Kf1 h5 23. Ke2 Rg8 24. Rc1 Rb8 25. a3 a5 26. Rb1 axb4 27. axb4 Ra8 28. f4 Kb6 29. Bc1 Kb5 30. Kd3 Ra2 31. Bb2 Kxb4 32. Bc3+ Ka3 33. Bd2 Ka4 34. Rb4+ Ka3 35. Rb7 Ka4 36. Ra7+ Kb3 37. Rb7+ Ka4 38. Rxf7 Kb5 39. Rb7+ Ka6 40. Rb8 Ka7 41. Re8 Ra3+ 42. Bc3 c5 43. Kc2 cxd4 44. Bb4 Rxh3 45. Rxe6 Rf3 46. Bd2 Rxf2 47. Rg6 h4 48. Rg5 g6 49. Rxg6 h3 50. e6 Re2 51. Kd3 h2 52. Kxe2 h1Q 0-1